[Event "71. Unterfraenkische Einzelmeisterschaft 2022"]
[White "Lutz,Peter"]
[Black "Link,Klaus"]
[Site "Wertheim"]
[Round "8.8"]
[Annotator ""]
[Result "0-1"]
[Date "2022.04.22"]
[WhiteElo "2003"]
[BlackElo "1969"]
[PlyCount "156"]

1. d4 Nf6 2. c4 e6 3. Nc3 Bb4 4. Qc2 c5 5. e3 O-O 6. Bd3 d5 7. Nge2 dxc4 8. Bxc4 cxd4 9. exd4 Nc6 10. Be3 Qc7 11. Bd3 a6 12. O-O Bd6 13. g3 Nb4 14. Qd2 Nxd3 15. Qxd3 Qa5 16. Ne4 Nxe4 17. Qxe4 Bd7 18. Rfc1 Bc6 19. Rxc6 bxc6 20. Qxc6 Be7 21. Qf3 Rac8 22. Nf4 Bg5 23. h4 Bxf4 24. Bxf4 Qb4 25. Qe2 Qxd4 26. Be5 Qc4 27. Qxc4 Rxc4 28. Rd1 f6 29. Bc3 Rfc8 30. Rd6 R4c6 31. Rd3 Kf7 32. f3 e5 33. Kf2 Ke6 34. Re3 Kd7 35. Ke2 Rd6 36. Re4 Rcc6 37. f4 exf4 38. Rxf4 Re6+ 39. Kf2 Re7 40. Rd4+ Kc8 41. Ra4 f5 42. Rf4 g6 43. Rd4 Rce6 44. Rc4+ Kb7 45. Kf3 Re3+ 46. Kg2 R7e4 47. Rc5 f4 48. gxf4 Rxf4 49. h5 Rf5 50. hxg6 hxg6 51. Rc4 Re6 52. Kg3 Kb6 53. Rc8 Kb5 54. Rc7 Rd6 55. Rb7+ Kc4 56. Rb4+ Kd3 57. Ra4 Re6 58. Rd4+ Ke2 59. Rd2+ Ke3 60. Rd1 Re4 61. Re1+ Kd3 62. Rd1+ Kc4 63. Rc1 Kb5 64. Rd1 a5 65. Rd6 g5 66. Rd8 a4 67. a3 g4 68. Ra8 Rf3+ 69. Kg2 Re2+ 70. Kg1 Rd3 71. Kf1 Rh2 72. Ke1 g3 73. Ra5+ Kc6 74. Rxa4 g2 75. Rg4 Rf3 76. Rg6+ Kd5 77. Rg5+ Ke4 78. Rg8 Rf1+ 0-1

[Event "71. Unterfraenkische Einzelmeisterschaft 2022"]
[White "Simon,Jonathan"]
[Black "Roth,Ludwig"]
[Site "Wertheim"]
[Round "8.9"]
[Annotator ""]
[Result "0-1"]
[Date "2022.04.22"]
[WhiteElo "1848"]
[BlackElo "1522"]
[PlyCount "86"]

1. d4 Nf6 2. c4 g6 3. Nc3 Bg7 4. e4 d6 5. Nf3 O-O 6. Be2 e5 7. O-O Nc6 8. d5 Ne7 9. Qc2 Ne8 10. Rd1 h6 11. Bd2 f5 12. exf5 gxf5 13. a4 Ng6 14. Ne1 Nf6 15. Ra3 e4 16. g3 Qe7 17. Ng2 a6 18. h4 Bd7 19. h5 Ne5 20. Nf4 Kh7 21. Kg2 Bh8 22. Be3 Rg8 23. Qd2 Nfg4 24. Bd4 Be8 25. Rh1 Bf7 26. Nd1 Nf3 27. Bxf3 exf3+ 28. Rxf3 Ne5 29. Rc3 c5 30. Be3 Nf3 31. Qd3 Bxc3 32. Qxf5+ Kg7 33. Nxc3 Ng5 34. Re1 Qf6 35. Qd7 Rad8 36. Qxb7 Rb8 37. Qxa6 Rxb2 38. Nb5 Ne4 39. Bd4 cxd4 40. Rxe4 Kh7 41. Nd3 Bxh5 42. Rf4 Qg5 43. Qxd6 Qxg3+ 0-1

[Event "71. Unterfraenkische Einzelmeisterschaft 2022"]
[White "Friesen,Arthur"]
[Black "Rauth,Markus"]
[Site "Wertheim"]
[Round "8.10"]
[Annotator ""]
[Result "1-0"]
[Date "2022.04.22"]
[WhiteElo "1757"]
[BlackElo "1775"]
[PlyCount "83"]

1. d4 Nf6 2. c4 e5 3. dxe5 Ng4 4. e3 Nxe5 5. Nh3 Bb4+ 6. Bd2 Bxd2+ 7. Qxd2 Ng6 8. Nc3 d6 9. Nf4 Nxf4 10. exf4 O-O 11. Be2 Nd7 12. O-O Nf6 13. Bf3 Rb8 14. b3 Bg4 15. Bxg4 Nxg4 16. Rac1 Re8 17. Qd4 b6 18. Rc2 a6 19. h3 Nh6 20. Rd1 Nf5 21. Qd3 Ne7 22. Nd5 Nxd5 23. cxd5 a5 24. Rdc1 Rc8 25. g3 Qd7 26. Kg2 g6 27. Rc6 Re7 28. Qc4 f5 29. Rxb6 a4 30. Rc6 axb3 31. axb3 Re4 32. Qc3 Qf7 33. Rxd6 Qe7 34. Rc6 Re2 35. Qf3 Rd2 36. R1c5 Qe1 37. Re6 Qb1 38. Qe3 Rd1 39. Re8+ Kg7 40. Qe7+ Kh6 41. Qf8+ Kh5 42. g4+ 1-0

[Event "71. Unterfraenkische Einzelmeisterschaft 2022"]
[White "Scholz,Michael"]
[Black "Ersoez,Can"]
[Site "Wertheim"]
[Round "8.11"]
[Annotator ""]
[Result "0-1"]
[Date "2022.04.22"]
[WhiteElo "1832"]
[BlackElo "1943"]
[PlyCount "106"]

1. d4 c5 2. d5 d6 3. c4 e5 4. Nc3 Be7 5. f4 exf4 6. Bxf4 Bg5 7. Qd2 Bxf4 8. Qxf4 Qf6 9. g3 Qxf4 10. gxf4 f5 11. Nb5 Kd7 12. Bh3 Nh6 13. e4 Re8 14. Nc3 Kd8 15. O-O-O Na6 16. Nf3 fxe4 17. Bxc8 Kxc8 18. Ng5 Nc7 19. Ngxe4 Kd7 20. Rhg1 Re7 21. Ng5 Nf5 22. Rd3 h6 23. Ne6 Nxe6 24. dxe6+ Rxe6 25. Rd5 g6 26. Rxf5 gxf5 27. Nd5 Rae8 28. Rg7+ R8e7 29. Nxe7 Rxe7 30. Rg6 Re4 31. b3 Rxf4 32. Rxh6 Rf2 33. h4 Rxa2 34. Rh7+ Kc6 35. h5 Rh2 36. h6 f4 37. Kd1 Kb6 38. Rh8 a6 39. h7 Kc7 40. Ke1 Kb6 41. Kf1 Ka5 42. Kg1 Rh6 43. Rd8 Rxh7 44. Rxd6 Rf7 45. Kf2 Re7 46. Rf6 Re3 47. Rxf4 Rxb3 48. Ke2 Kb4 49. Kd2 a5 50. Kc2 Rc3+ 51. Kb2 Rxc4 52. Rf6 b5 53. Rf3 a4 0-1

[Event "71. Unterfraenkische Einzelmeisterschaft 2022"]
[White "Steeger,Horst"]
[Black "Simon,Manuel"]
[Site "Wertheim"]
[Round "8.12"]
[Annotator ""]
[Result "1-0"]
[Date "2022.04.22"]
[WhiteElo "1759"]
[BlackElo "1647"]
[PlyCount "63"]

1. d4 Nf6 2. f4 g6 3. Nf3 Bg7 4. e3 d5 5. Bd3 Bg4 6. O-O O-O 7. h3 Bxf3 8. Qxf3 e6 9. c3 Nbd7 10. Nd2 c5 11. Kh2 Qc7 12. g3 c4 13. Bc2 b5 14. e4 dxe4 15. Nxe4 Rfd8 16. Kg2 a5 17. g4 b4 18. f5 exf5 19. gxf5 Rf8 20. Bf4 Qb6 21. Rab1 Rae8 22. Nd6 Re7 23. Nxc4 Qa6 24. Bd3 Rd8 25. fxg6 hxg6 26. Bg5 Rde8 27. h4 Qe6 28. h5 gxh5 29. Rh1 Qg4+ 30. Qxg4 hxg4 31. Nxa5 Ra8 32. Nc6 1-0

[Event "71. Unterfraenkische Einzelmeisterschaft 2022"]
[White "Markert,Markus"]
[Black "Englert,Fabian"]
[Site "Wertheim"]
[Round "9.1"]
[Annotator ""]
[Result "0-1"]
[Date "2022.04.23"]
[WhiteElo "1986"]
[BlackElo "2420"]
[PlyCount "74"]

1. d4 d5 2. Nf3 Nf6 3. Bf4 c5 4. e3 Nc6 5. c3 Qb6 6. Qb3 c4 7. Qxb6 axb6 8. Nbd2 b5 9. Be2 Bf5 10. Nh4 Bd7 11. Nhf3 e6 12. h3 b4 13. O-O b5 14. cxb4 Bxb4 15. a3 Be7 16. Ne5 O-O 17. g4 Nxe5 18. Bxe5 Ra4 19. g5 Ne8 20. Bf4 Nd6 21. Bd1 Ra6 22. Bc2 Rfa8 23. Rab1 Rb6 24. Ra1 Bf8 25. Kg2 Rba6 26. Rab1 Nc8 27. Nf3 Ne7 28. Ne5 Be8 29. e4 Nc6 30. Nxc6 Bxc6 31. e5 b4 32. axb4 Bxb4 33. Rbd1 Ra2 34. Bc1 g6 35. Bb1 Ra1 36. Bd2 Rb8 37. Be1 Bxe1 0-1

[Event "71. Unterfraenkische Einzelmeisterschaft 2022"]
[White "Grineva,Marianna"]
[Black "Babiy,Olga"]
[Site "Wertheim"]
[Round "9.2"]
[Annotator ""]
[Result "0-1"]
[Date "2022.04.23"]
[WhiteElo "1996"]
[BlackElo "2261"]
[PlyCount "68"]

1. e4 c5 2. Nf3 e6 3. d4 cxd4 4. Nxd4 Nc6 5. Nc3 Qc7 6. Be3 a6 7. Qf3 Nf6 8. O-O-O Rb8 9. Nb3 b5 10. Bd3 b4 11. Na4 Ne5 12. Qe2 d6 13. Bxa6 Bd7 14. Nb6 Rxb6 15. Bxb6 Qxb6 16. f4 Ng6 17. Rhf1 Be7 18. Bd3 e5 19. fxe5 Nxe5 20. h3 O-O 21. Qf2 Qc7 22. Kb1 Ra8 23. Qd4 Nc6 24. Qe3 Be6 25. Bb5 Qb7 26. Be2 Ne5 27. Rf4 Ng6 28. Rff1 Nxe4 29. Rd4 d5 30. Bd3 Bg5 31. Qe1 Qa7 32. a3 Nc3+ 33. bxc3 Qxa3 34. Nc1 Qa1# 0-1

[Event "71. Unterfraenkische Einzelmeisterschaft 2022"]
[White "Heidel,Andre Nicolas"]
[Black "Basel,Matthias"]
[Site "Wertheim"]
[Round "9.3"]
[Annotator ""]
[Result "1-0"]
[Date "2022.04.23"]
[WhiteElo "2154"]
[BlackElo "2057"]
[PlyCount "95"]

1. e4 c6 2. Nf3 g6 3. d4 Bg7 4. Be2 d5 5. Nc3 Bg4 6. exd5 cxd5 7. Ne5 Bxe2 8. Qxe2 a6 9. O-O Nf6 10. Re1 O-O 11. Bg5 Qb6 12. Bxf6 exf6 13. Nf3 Rd8 14. Na4 Qc6 15. Nc5 b6 16. Nd3 Nd7 17. c3 Nf8 18. h4 Bh6 19. Nb4 Qb7 20. Qe7 Qxe7 21. Rxe7 Ne6 22. Rb7 Rd6 23. Re1 Bf8 24. g4 h6 25. Nd3 g5 26. hxg5 hxg5 27. Nd2 Rad8 28. Nf1 R8d7 29. Rxd7 Rxd7 30. Ne3 a5 31. Kg2 b5 32. Nf5 b4 33. Rc1 Rb7 34. c4 dxc4 35. Rxc4 Rd7 36. Kf3 Nc7 37. Ke4 Na6 38. Rc8 Rb7 39. Ra8 Rb6 40. Nc5 Nxc5+ 41. dxc5 Re6+ 42. Kd4 Re2 43. c6 Rc2 44. Rc8 a4 45. c7 b3 46. axb3 axb3 47. Kd3 Rc5 48. Nd4 1-0

[Event "71. Unterfraenkische Einzelmeisterschaft 2022"]
[White "Link,Klaus"]
[Black "Kalinina,Larisa"]
[Site "Wertheim"]
[Round "9.4"]
[Annotator ""]
[Result "0-1"]
[Date "2022.04.23"]
[WhiteElo "1969"]
[BlackElo "2131"]
[PlyCount "54"]

1. e4 c5 2. c3 d6 3. d4 Nf6 4. Bd3 cxd4 5. cxd4 g6 6. Ne2 Bg7 7. Nbc3 O-O 8. O-O Nc6 9. h3 e5 10. d5 Ne7 11. Bg5 h6 12. Be3 Ne8 13. f4 f5 14. fxe5 dxe5 15. exf5 gxf5 16. Bc5 Nd6 17. Bxd6 Qxd6 18. Kh1 a6 19. Qb3 b5 20. a3 e4 21. Bxe4 fxe4 22. Rxf8+ Kxf8 23. Nxe4 Qxd5 24. Qf3+ Qf5 25. Nf4 Be5 26. Rf1 Bxf4 27. Qd3 Bb7 0-1

[Event "71. Unterfraenkische Einzelmeisterschaft 2022"]
[White "Amtmann,Florian"]
[Black "Kuhn,Norbert"]
[Site "Wertheim"]
[Round "9.5"]
[Annotator ""]
[Result "1-0"]
[Date "2022.04.23"]
[WhiteElo "2130"]
[BlackElo "2018"]
[PlyCount "79"]

1. d4 d5 2. c4 e6 3. Nc3 Nf6 4. cxd5 exd5 5. Bg5 c6 6. e3 Bd6 7. Bd3 O-O 8. Nge2 Nbd7 9. Qc2 Qc7 10. h3 Re8 11. Rc1 Be7 12. O-O Qd8 13. Bf4 Nf8 14. Na4 Ng6 15. Bg5 Ne4 16. Bxe7 Qxe7 17. Bxe4 Qxe4 18. Qxe4 Rxe4 19. Nc5 Re7 20. Rfe1 Nh4 21. Ng3 Bf5 22. Rc3 g5 23. Rb3 Rb8 24. Ra3 Ra8 25. Rc1 Bc8 26. b4 Nf5 27. Nxf5 Bxf5 28. Rcc3 h5 29. Rab3 a6 30. a4 h4 31. Ra3 Kg7 32. f3 Bg6 33. Kf2 f5 34. Nd3 f4 35. Ne5 Bf5 36. Ke2 Kf6 37. Kd2 Ke6 38. Ra1 Ree8 39. Re1 fxe3+ 40. Rcxe3 1-0

[Event "71. Unterfraenkische Einzelmeisterschaft 2022"]
[White "Roth,Jakob"]
[Black "Oster,Klaus"]
[Site "Wertheim"]
[Round "9.6"]
[Annotator ""]
[Result "1/2-1/2"]
[Date "2022.04.23"]
[WhiteElo "1980"]
[BlackElo "1915"]
[PlyCount "36"]

1. d4 d5 2. c4 e6 3. Nc3 Nf6 4. cxd5 exd5 5. Bg5 c6 6. Qc2 h6 7. Bxf6 Qxf6 8. Nxd5 Qxd4 9. Rd1 Bb4+ 10. Nxb4 Qxb4+ 11. Qd2 Qxd2+ 12. Rxd2 Be6 13. b3 Nd7 14. g3 O-O-O 15. Nf3 Bd5 16. Bg2 Rhe8 17. O-O Bxf3 18. exf3 Nf6 1/2-1/2

[Event "71. Unterfraenkische Einzelmeisterschaft 2022"]
[White "Steinmacher,Josef"]
[Black "Lutz,Peter"]
[Site "Wertheim"]
[Round "9.7"]
[Annotator ""]
[Result "0-1"]
[Date "2022.04.23"]
[WhiteElo "2031"]
[BlackElo "2003"]
[PlyCount "48"]

1. d4 d5 2. Nf3 e6 3. e3 c6 4. Nbd2 f5 5. Ne5 Nf6 6. Be2 Nbd7 7. Nd3 Bd6 8. c4 O-O 9. Qb3 Kh8 10. Nf3 a5 11. Qc2 Ne4 12. O-O g5 13. Nfe5 g4 14. b3 Qe8 15. Bb2 Nxe5 16. dxe5 Be7 17. a3 Bd7 18. Rfd1 Bh4 19. Rac1 Qg6 20. Rf1 Ng5 21. Nf4 Qf7 22. g3 Nh3+ 23. Nxh3 gxh3 24. gxh4 Qg6+ 0-1

[Event "71. Unterfraenkische Einzelmeisterschaft 2022"]
[White "Helm,Timo"]
[Black "Link,Robert"]
[Site "Wertheim"]
[Round "9.8"]
[Annotator ""]
[Result "1-0"]
[Date "2022.04.23"]
[WhiteElo "2067"]
[BlackElo "1944"]
[PlyCount "45"]

1. e4 c5 2. Nc3 Nc6 3. Bb5 Nd4 4. Bd3 e6 5. f4 a6 6. Nf3 Qc7 7. Nxd4 cxd4 8. Ne2 Bc5 9. a3 Ne7 10. b4 Ba7 11. Bb2 Nc6 12. O-O b5 13. Ng3 Bb7 14. Qe2 Rc8 15. Nh5 Kf8 16. Qg4 g6 17. Nf6 h5 18. Qg5 Ne7 19. Rf3 Ng8 20. Rg3 Qd8 21. e5 Nxf6 22. exf6 Qe8 23. Re1 1-0

[Event "71. Unterfraenkische Einzelmeisterschaft 2022"]
[White "Roth,Ludwig"]
[Black "Friesen,Arthur"]
[Site "Wertheim"]
[Round "9.9"]
[Annotator ""]
[Result "1-0"]
[Date "2022.04.23"]
[WhiteElo "1522"]
[BlackElo "1757"]
[PlyCount "63"]

1. e4 c5 2. Nf3 e6 3. d3 Nf6 4. g3 d6 5. Bg2 Be7 6. O-O Nbd7 7. Nbd2 O-O 8. Ne1 Rb8 9. f4 b5 10. Qe2 Bb7 11. c4 a6 12. b3 Qc7 13. Bb2 Rfd8 14. g4 Bf8 15. g5 Ne8 16. Rf3 bxc4 17. dxc4 d5 18. Rh3 g6 19. Qf2 dxe4 20. Qh4 h5 21. gxh6 Kh7 22. Nxe4 Bxe4 23. Bxe4 Nd6 24. Bc2 Nf5 25. Bxf5 exf5 26. Nf3 f6 27. Bxf6 Nxf6 28. Qxf6 Rd6 29. Ng5+ Kg8 30. h7+ Qxh7 31. Nxh7 Rxf6 32. Nxf6+ 1-0

[Event "71. Unterfraenkische Einzelmeisterschaft 2022"]
[White "Schellenberger,Dirk"]
[Black "Simon,Jonathan"]
[Site "Wertheim"]
[Round "9.11"]
[Annotator ""]
[Result "1/2-1/2"]
[Date "2022.04.23"]
[WhiteElo "1680"]
[BlackElo "1848"]
[PlyCount "101"]

1. Nf3 Nf6 2. c4 c5 3. d4 cxd4 4. Nxd4 Nc6 5. Nc3 g6 6. e4 d6 7. Be2 Bg7 8. Be3 O-O 9. O-O Bd7 10. h3 a6 11. b3 Qa5 12. Rc1 Rac8 13. a4 Rfe8 14. Kh1 Nxd4 15. Bxd4 Bc6 16. Qd3 Bh6 17. Rb1 Qb4 18. g3 Nd7 19. Nd5 Bxd5 20. exd5 Nc5 21. Qd1 e5 22. dxe6 Rxe6 23. Bg4 f5 24. Bf3 Ne4 25. Bxe4 Rxe4 26. f3 Re6 27. Re1 Rce8 28. Rxe6 Rxe6 29. Bf2 Qd2 30. Qxd2 Bxd2 31. Rd1 Bb4 32. Kg2 Kf7 33. Kf1 Ke7 34. Bd4 Kd7 35. g4 Kc6 36. gxf5 gxf5 37. Bf2 Re5 38. Bd4 Re6 39. Bf2 Re5 40. Rd3 Re6 41. Bg3 Rg6 42. f4 Rh6 43. Bf2 Kd7 44. Kg2 Rg6+ 45. Kf3 Rh6 46. Kg2 Rg6+ 47. Kf1 Rh6 48. Ke2 Re6+ 49. Kf3 Rh6 50. Ke2 Re6+ 51. Kf3 1/2-1/2

[Event "71. Unterfraenkische Einzelmeisterschaft 2022"]
[White "Englert,Fred"]
[Black "Weineck,Ekkehard"]
[Site "Wertheim"]
[Round "9.12"]
[Annotator ""]
[Result "1/2-1/2"]
[Date "2022.04.23"]
[WhiteElo "1733"]
[BlackElo "1564"]
[PlyCount "133"]

1. c4 e5 2. g3 Nc6 3. Bg2 Nf6 4. Nc3 g6 5. Nf3 Bg7 6. d4 exd4 7. Nxd4 Nxd4 8. Qxd4 O-O 9. O-O d6 10. Qd3 Rb8 11. b3 b6 12. Bb2 Bb7 13. Nd5 Nxd5 14. Bxg7 Nf4 15. gxf4 Kxg7 16. e4 f5 17. Qd4+ Qf6 18. Qxf6+ Kxf6 19. f3 Rbe8 20. Rfe1 fxe4 21. fxe4 Kg7 22. e5 Bxg2 23. Kxg2 Rxf4 24. exd6 Rxe1 25. Rxe1 cxd6 26. Re6 Rf6 27. Re7+ Rf7 28. Re2 Rd7 29. Rd2 Kf7 30. Kf3 h5 31. h4 Ke6 32. Re2+ Kf5 33. Rd2 g5 34. Rd5+ Kg6 35. Rxg5+ Kh6 36. Rf5 Kg6 37. Rg5+ Kh6 38. Rd5 Rf7+ 39. Ke3 Rf6 40. b4 a6 41. a4 Re6+ 42. Kf4 Kg6 43. Rg5+ Kh6 44. Rg8 a5 45. bxa5 bxa5 46. Rg5 Rg6 47. Rxg6+ Kxg6 48. Ke4 Kf6 49. Kd5 Ke7 50. Kc6 Ke6 51. Kb5 d5 52. cxd5+ Kxd5 53. Ka6 Kc6 54. Kxa5 Kc5 55. Ka6 Kc6 56. a5 Kc7 57. Kb5 Kb7 58. Kc5 Ka6 59. Kd5 Kxa5 60. Ke5 Kb6 61. Kf6 Kc7 62. Kg6 Kd7 63. Kxh5 Ke7 64. Kg6 Kf8 65. h5 Kg8 66. h6 Kh8 67. h7 1/2-1/2